| 000 | 00579nam a2200181Ia 4500 | ||
|---|---|---|---|
| 008 | 151202s9999||||xx |||||||||||||| ||und|| | ||
| 082 | _bPNVM-33203 | ||
| 100 | _aदांडेकर मालती. | ||
| 245 | _a"शततारका भा.5,6,7." | ||
| 260 | _b"अ. वि. गृह, पुणे." | ||
| 260 | _c0 | ||
| 300 | _a0 | ||
| 600 | _aदांडेकर मालती. | ||
| 630 | _a"शततारका भा.5,6,7." | ||
| 700 | _aदांडेकर मालती. | ||
| 730 | _a"शततारका भा.5,6,7." | ||
| 942 | _cBOOK | ||
| 999 |
_c1299164 _d1299161 |
||